The true way of salvation in the Bible in support of Koran and Gita : (Record no. 18789)

MARC details
000 -LEADER
fixed length control field 01139cam a2200325 i 4500
001 - CONTROL NUMBER
control field 19884143
003 - CONTROL NUMBER IDENTIFIER
control field BDDh-ASL
005 - DATE AND TIME OF LATEST TRANSACTION
control field 20231015025733.0
008 - FIXED-LENGTH DATA ELEMENTS--GENERAL INFORMATION
fixed length control field 170810m20009999ii b 000 0 eng
010 ## - LIBRARY OF CONGRESS CONTROL NUMBER
LC control number 2017435443
040 ## - CATALOGING SOURCE
Original cataloging agency DLC
Language of cataloging eng
Description conventions rda
Transcribing agency DLC
Modifying agency BDDh-ASL
042 ## - AUTHENTICATION CODE
Authentication code pcc
050 00 - LIBRARY OF CONGRESS CALL NUMBER
Classification number BS680.S25
Item number C56 2000
082 ## - DEWEY DECIMAL CLASSIFICATION NUMBER
Classification number 273
Item number CHT
100 1# - MAIN ENTRY--PERSONAL NAME
Personal name Chowdhury, Ashraf,
Relator term author.
245 14 - TITLE STATEMENT
Title The true way of salvation in the Bible in support of Koran and Gita :
Remainder of title D. Litt thesis-book on Bible in support of Koran and Gita /
Statement of responsibility, etc. Ashraf Chowdhury.
250 ## - EDITION STATEMENT
Edition statement First edition.
264 #1 - PRODUCTION, PUBLICATION, DISTRIBUTION, MANUFACTURE, AND COPYRIGHT NOTICE
Place of production, publication, distribution, manufacture Basarkhola, Nadia, West Bengal, India :
Name of producer, publisher, distributor, manufacturer Wayesh Karani & Omar Pharuk,
Date of production, publication, distribution, manufacture, or copyright notice 2000-
300 ## - PHYSICAL DESCRIPTION
Extent 395 p. :
Dimensions 18 cm.
336 ## - CONTENT TYPE
Content type term text
Content type code txt
Source rdacontent
337 ## - MEDIA TYPE
Media type term unmediated
Media type code n
Source rdamedia
338 ## - CARRIER TYPE
Carrier type term volume
Carrier type code nc
Source rdacarrier
504 ## - BIBLIOGRAPHY, ETC. NOTE
Bibliography, etc. note Includes bibliographical references.
650 #0 - SUBJECT ADDED ENTRY--TOPICAL TERM
Topical term or geographic name entry element Salvation
General subdivision Biblical teaching.
650 #0 - SUBJECT ADDED ENTRY--TOPICAL TERM
Topical term or geographic name entry element Salvation
General subdivision Hinduism.
650 #0 - SUBJECT ADDED ENTRY--TOPICAL TERM
Topical term or geographic name entry element Salvation
General subdivision Islam.
906 ## - LOCAL DATA ELEMENT F, LDF (RLIN)
a 7
b cbc
c origres
d 3
e ncip
f 20
g y-gencatlg
942 ## - ADDED ENTRY ELEMENTS (KOHA)
Source of classification or shelving scheme Dewey Decimal Classification
Koha item type Books
Holdings
Withdrawn status Lost status Source of classification or shelving scheme Damaged status Not for loan Collection code Home library Current library Shelving location Date acquired Source of acquisition Total Checkouts Full call number Barcode Date last seen Copy number Price effective from Koha item type
    Dewey Decimal Classification     Non-fiction Asiatic Society Library Asiatic Society Library General Stacks 10/24/2020 Complementary   273 CHT 102013 10/24/2020 C-1 10/24/2020 Books

Powered by Koha